ACLS Essentials basic and more / (Record no. 9507)

MARC details
000 -LEADER
fixed length control field 00638nam a22002172 4500
001 - CONTROL NUMBER
control field 0000020802
005 - DATE AND TIME OF LATEST TRANSACTION
control field 20151217152222.0
008 - FIXED-LENGTH DATA ELEMENTS--GENERAL INFORMATION
fixed length control field 111018s xx 000 0 eng d
020 ## - INTERNATIONAL STANDARD BOOK NUMBER
International Standard Book Number 0072999327 :
040 ## - CATALOGING SOURCE
Original cataloging agency KABU
Transcribing agency KABU
100 1# - MAIN ENTRY--PERSONAL NAME
Personal name McKenna, Kim.
-- 0000181372
245 10 - TITLE STATEMENT
Title ACLS Essentials basic and more /
Statement of responsibility, etc. Kim McKenna.
250 ## - EDITION STATEMENT
Edition statement 1st ed.
260 ## - PUBLICATION, DISTRIBUTION, ETC. (IMPRINT)
Place of publication, distribution, etc. Boston :
Name of publisher, distributor, etc. McGraw-Hill,
Date of publication, distribution, etc. 2008.
300 ## - PHYSICAL DESCRIPTION
Extent xxiii, 245 p. +
Accompanying material 2 CD-ROM.
650 #0 - SUBJECT ADDED ENTRY--TOPICAL TERM
Topical term or geographic name as entry element Cardiovascular emergencies.
-- 0000181373
650 #0 - SUBJECT ADDED ENTRY--TOPICAL TERM
Topical term or geographic name as entry element Cardiac resuscitation.
-- 0000181374
908 ## - PUT COMMAND PARAMETER (RLIN)
Put command parameter 111018
950 ## - LOCAL HOLDINGS (RLIN)
-- 1
Holdings
Withdrawn status Lost status Source of classification or shelving scheme Not for loan Home library Current library Date acquired Total Checkouts Full call number Barcode Date last seen Price effective from Koha item type
    Library of Congress Classification   Kabarak, Main Campus Kabarak, Main Campus 17/12/2015   RC675 .M35 2008 c.1 19508 17/12/2015 17/12/2015 General Collection
Designed with assistance from East African Informatics Ltd